| 000 | 00475nam a22001937a 4500 | ||
|---|---|---|---|
| 003 | NUST - PNEC | ||
| 005 | 20170116180750.0 | ||
| 008 | 150307b xxu||||| |||| 00| 0 eng d | ||
| 020 | _a- | ||
| 040 | _cLIBRARY | ||
| 082 | _a954.91 MUN | ||
| 100 |
_91633 _aMunir Muhammad |
||
| 245 |
_aFrom jinnah to zia _cMuhammad Munir |
||
| 250 | _a- | ||
| 260 |
_aLahore _bVanguard Books LTD _cc1980. |
||
| 300 | _a183 p. : | ||
| 650 |
_91634 _aPakistan _xGeneral |
||
| 942 |
_2ddc _cBK |
||
| 999 |
_c62509 _d62509 |
||